महान वैज्ञानिक गेलीलियो गेलिली / (Record no. 13831)

MARC details
000 -LEADER
fixed length control field 01264nam a22002417a 4500
005 - DATE AND TIME OF LATEST TRANSACTION
control field 2008062304524.0
008 - FIXED-LENGTH DATA ELEMENTS--GENERAL INFORMATION
fixed length control field 080623t xxu||||| |||| 00| 0 hin d
010 ## - LIBRARY OF CONGRESS CONTROL NUMBER
LC control number HIN-83558
020 ## - INTERNATIONAL STANDARD BOOK NUMBER
International Standard Book Number 8189076116
Terms of availability 100.00
035 ## - SYSTEM CONTROL NUMBER
System control number HN-55904
037 ## - SOURCE OF ACQUISITION
Stock number पु.प्र.अ.प्र/प्रका.
040 ## - CATALOGING SOURCE
Original cataloging agency DPL
Language of cataloging HN
082 ## - DEWEY DECIMAL CLASSIFICATION NUMBER
Classification number 509.2 / त्रिपाठी
100 ## - MAIN ENTRY--PERSONAL NAME
Personal name त्रिपाठी, जगदीश
245 ## - TITLE STATEMENT
Title महान वैज्ञानिक गेलीलियो गेलिली /
Statement of responsibility, etc जगदीश त्रिपाठी
246 ## - VARYING FORM OF TITLE
Title proper/short title Mahan vaigyanik Gaililio
Remainder of title by Jagdish Tripathy
260 ## - PUBLICATION, DISTRIBUTION, ETC. (IMPRINT)
Place of publication, distribution, etc कानपुर
Name of publisher, distributor, etc आराधना ब्रदर्स
Date of publication, distribution, etc 2007
270 ## - ADDRESS
Address 124/152-सी ब्लाक, गोविन्द नगर
City कानपुर
Postal code 208006
Telephone number 0512-2651490
300 ## - PHYSICAL DESCRIPTION
Extent 80पृ
Dimensions 22सेमी(सजिल्द)
650 ## - SUBJECT ADDED ENTRY--TOPICAL TERM
Topical term or geographic name as entry element Hindi Biographies-Scientist
942 ## - ADDED ENTRY ELEMENTS (KOHA)
Koha item type Hindi Books
Source of classification or shelving scheme Dewey Decimal Classification
Classification part 509.2
Call number suffix त्रिपाठी
Holdings
Withdrawn status Lost status Damaged status Not for loan Collection code Home library Current library Date acquired Source of acquisition Cost, normal purchase price Total Checkouts Full call number Barcode Date last seen Copy number Cost, replacement price Price effective from Koha item type
      Not For Loan Non-fiction D.B.Act.Division D.B.Act.Division 23/06/2008 पु.प्र.अ.प्र /प्रका 100.00   509.2 त्रिपाठी HN-55904 15/09/2008 1 100.00 15/09/2008 Hindi Books

© Delhi Public Library
Hit Counter
free hit counter